Statistiques concernant Samuel L Jackson en 15 films

Cliquez ici pour prendre le quiz!

Statistiques générales

  • Ce quiz a été pris 125 fois
  • Le résultat moyen est 5 sur 15

Statistiques - réponses

*DatesRéponse% Correct
1994Pulp Fiction
78%
saga*MCU
77%
saga*Star wars
67%
2012Django Unchained
49%
1997Jackie Brown
41%
2015Les 8 Salopards
37%
2014Kingsman
27%
2000Incassable
26%
1993Jurassic Park
26%
1995Une journée en enfer
23%
2002Xxx‎
11%
2005Coach Carter
10%
1991Jungle Fever
6%
1994Fresh
5%
1998Négociateur
5%

Distribution des résultats

Percentile par nombre de réponses

% des personnes avec chaque résultat

Votre développement - résultats

Vous n’avez pas pris ce quiz